000 00542nam a2200181Ia 4500
008 240925s9999 xx 000 0 und d
020 _a131988557
082 _a004.165 GAO
100 _aGaonkar ,Ramesh S.
245 0 _aMicroprocessor Architecture,Programming, and Applications with 8085
250 _a3rd
260 _aNew Jersey:
_bPrintice- Hall Int.
_c,1996.
300 _aviii,504p.
_bNA
_fOriginal
500 _aIncludes Index
600 _aComputer Science
650 _aComputer science, information & general works
942 _cBK
999 _c5398
_d5398